00696nam a2200193 i 450000100060000000300090000600500170001500700030003200800410003510000470007624500570012326000350018030000220021549000410023783000490027885200320032799900170035995201260037642135ES-MaACL20251005063038.0t|030312s1959 sp ||||1| spa d1 aCastelo Branco, Camilo, d1825-189093655913aLa caída de un ángel / cCamilo Castello Branco. aBarcelona : bMaucci, c[1959] a214 p. ; c17 cm.1 aColección Clásicos del Siglo XIX0 aColección Clásicos del Siglo XIX9181240 aES-MaACLjC-16839 bR.44925 c42135d42135 00104070aATENEOMbATENEOMcGaleríad2008-01-17eSCl0oC-16839p1044347r2023-02-23 00:00:00w2023-02-23yMONOGRAFIA